Registro de Ordenanzas, 2001-2010. Organo Técnico (Record no. 8982)
[ view plain ]
| 000 -LEADER | |
|---|---|
| campo de control de longitud fija | 00427nam a2200133Ia 4500 |
| 001 - NÚMERO DE CONTROL | |
| campo de control | 2040 |
| 008 - DATOS DE LONGITUD FIJA--INFORMACIÓN GENERAL | |
| campo de control de longitud fija | 241024s9999 xx 000 0 und d |
| 082 ## - NÚMERO DE LA CLASIFICACIÓN DECIMAL DEWEY | |
| Número de clasificación | RD/370.97293/R426r/2001-2010 |
| 100 ## - ENTRADA PRINCIPAL--NOMBRE DE PERSONA | |
| Nombre de persona | República Dominicana.Ministerio de Educación.Consejo Nacional de Educación |
| 245 #0 - MENCIÓN DEL TÍTULO | |
| Título | Registro de Ordenanzas, 2001-2010. Organo Técnico |
| 260 ## - PUBLICACIÓN, DISTRIBUCIÓN, ETC. | |
| Nombre del editor, distribuidor, etc. | Santo Domingo |
| Fecha de publicación, distribución, etc. | 2011 |
| 901 ## - ELEMENTOS DE DATOS A LOCAL LDA (RLIN) | |
| a | 26/12/2011 12:11:04 p.m. |
No items available.